01076nas a2200253Ia 4500001001600000003001000016005001700026008004100043040002500084041001200109100003400121245018000155250005800335260000900393300001600402500008400418650002700502654001300529700006400542942001200606999001900618999000700637952017800644A01/R004-48797 IT-MiCISF20230306143237.0161014c99999999xx |||||||||||| ||und|| aIT-MiCISFcIT-MiCISF ainglese aGameiro Sofia (et al.)959595 0aSocial Nesting: Changes in Social Network and Support Across the Transition to Parenthood in Couples That Conveived Spontaneously or Through Assisted Reproductive Technologies a"Journal of Family Psychology", vol. 24, n. 2, aprile c2010 app. 175-187 agenitorialità, procreazione-artificiale, rapporti-familiari, rapporti-sociali agenitorialità956044 aarticolo aCanavarro M.C., Moura-Ramos M., Boivin J., Soares I.959596 cCR2ddc c251163d251163 bSi 0010406A_01_000000000000000_R0044879771aCISFbCISFd2016-10-14l0oA01/R004-48797 r2016-10-14 00:00:00w2016-10-14yCRzData import 15.10.2016 / by Epidotti, Vaglietti